000
00305nam a2200133Ia 4500
008
191201s2011 xx 000 0 und d
100
_a
MAHAJAN,SP
245
0
_a
Air Pollution Control
250
_a
Rep
260
_a
N. delhi
_b
Teri Press
_c
2011
300
_a
184
650
_a
B.Tech(CE)
942
_2
ddc
_c
BK
999
_c
5750
_d
5750